书目信息 |
| 题名: |
时事资料手册
|
|
| 作者: | ;《半月谈》编辑部 编 | |
| 分册: | ||
| 出版信息: | 北京 新华出版社 1983.4 |
|
| 页数: | 231页 | |
| 开本: | 19cm | |
| 丛书名: | ||
| 单 册: | ||
| 中图分类: | C62 | |
| 科图分类: | ||
| 主题词: | 社会科学--便览 , 社会科学--手册 , 社会科学--指南 , 社会科学--年表 | |
| 电子资源: | ||
| ISBN: | ||
| 000 | 00729nam0 2200253 45 | |
| 001 | 0210211515 | |
| 005 | 20060726143646.67 | |
| 010 | @dCNY0.70 | |
| 091 | @a3203.025 | |
| 100 | @a20021021d1983 km y0chiy0120 ea | |
| 101 | 0 | @achi |
| 105 | @aa z 000yy | |
| 200 | 1 | @a时事资料手册@AShi Shi Zi Liao Shou Ce@e1982年版@E1982 Nian Ban@f《半月谈》编辑部编@F《Ban Yue Tan》Bian Ji Bu Bian |
| 210 | @a北京@c新华出版社@d1983.4 | |
| 215 | @a231页@d19cm | |
| 517 | @a1982年版@A1982 Nian Ban | |
| 606 | 0 | @a社会科学@x便览 |
| 606 | 0 | @a社会科学@x手册 |
| 606 | 0 | @a社会科学@x指南 |
| 606 | 0 | @a社会科学@x年表 |
| 690 | @aC62@v3 | |
| 711 | 02 | @a《半月谈》编辑部@4编 |
| 801 | @aCN@bTSTC@c20060726 | |
| 905 | @dC62@e1(1982)@f1@b88199 | |
| 时事资料手册:1982年版/《半月谈》编辑部编.-北京:新华出版社,1983.4 |
| 231页;19cm |
| ISBN :CNY0.70 |
| ● |
| 相关链接 |
|
|
|
|
正题名:时事资料手册
索取号:C62/1(1982)
 
预约/预借
| 序号 | 登录号 | 条形码 | 馆藏地/架位号 | 状态 | 备注 |
| 1 | 0426606 | 204266061 | 密集书库/ [索取号:C62/1(1982)] | 在馆 |